| 000 | 00561cam a2200157I 4500 | ||
|---|---|---|---|
| 082 |
_a297.63 _bGUI _cL-30, P-155 |
||
| 100 | 1 |
_aIbn Hishām, ʻAbd al-Malik, _946979 |
|
| 245 | 1 | 4 |
_aThe life of Muhammad; _ca translation of Isḥāq's Sīrat rasūl Allāh. With introd. and notes by A. Guillaume. |
| 260 |
_aLondon, _bOxford University Press, _c1955. |
||
| 300 |
_a813 p. _c22 cm. |
||
| 526 |
_a0 _b0 _c0 _d297_630000000000000_GUI |
||
| 526 |
_a0 _b0 _c0 _d297_630000000000000_GUI |
||
| 650 |
_aMCE _9379 |
||
| 700 | 1 |
_aIbn Isḥāq, Muḥammad, _9380 |
|
| 942 |
_2ddc _cBK |
||
| 999 |
_c550287 _d550287 |
||